The Rights and Duties of The Indian Citizen (Record no. 1365111)

MARC details
000 -LEADER
fixed length control field 00788nam a2200289Ia 4500
008 - FIXED-LENGTH DATA ELEMENTS--GENERAL INFORMATION
fixed length control field 160321s9999||||xx |||||||||||||| ||und||
040 ## - CATALOGING SOURCE
Transcribing agency English
082 ## - DEWEY DECIMAL CLASSIFICATION NUMBER
Classification number XI.B Sastri
082 ## - DEWEY DECIMAL CLASSIFICATION NUMBER
Item number BORI-54409
100 ## - MAIN ENTRY--PERSONAL NAME
Personal name V. S. Srinivasa Sastri
245 #4 - TITLE STATEMENT
Title The Rights and Duties of The Indian Citizen
260 ## - PUBLICATION, DISTRIBUTION, ETC. (IMPRINT)
Place of publication, distribution, etc Calcutta
260 ## - PUBLICATION, DISTRIBUTION, ETC. (IMPRINT)
Name of publisher, distributor, etc Calcutta University Press
260 ## - PUBLICATION, DISTRIBUTION, ETC. (IMPRINT)
Date of publication, distribution, etc 1922
300 ## - PHYSICAL DESCRIPTION
Extent x+116
300 ## - PHYSICAL DESCRIPTION
Dimensions B
300 ## - PHYSICAL DESCRIPTION
Accompanying material Paperbook
530 ## - ADDITIONAL PHYSICAL FORM AVAILABLE NOTE
Uniform Resource Identifier <a href="00046405.pdf">00046405.pdf</a>
563 ## - BINDING INFORMATION
Binding note Study
600 ## - SUBJECT ADDED ENTRY--PERSONAL NAME
Personal name V. S. Srinivasa Sastri
630 ## - SUBJECT ADDED ENTRY--UNIFORM TITLE
Uniform title The Rights and Duties of The Indian Citizen
650 ## - SUBJECT ADDED ENTRY--TOPICAL TERM
Topical term or geographic name as entry element "Social History,Culture"
650 ## - SUBJECT ADDED ENTRY--TOPICAL TERM
Topical term or geographic name as entry element General Indology
700 ## - ADDED ENTRY--PERSONAL NAME
Personal name V. S. Srinivasa Sastri
730 ## - ADDED ENTRY--UNIFORM TITLE
Uniform title The Rights and Duties of The Indian Citizen
942 ## - ADDED ENTRY ELEMENTS (KOHA)
Koha item type Book
Holdings
Withdrawn status Lost status Damaged status Not for loan Home library Current library Date acquired Total Checkouts Full call number Barcode Date last seen Price effective from Koha item type
        Bhandarkar Oriental Research Institute, Pune Bhandarkar Oriental Research Institute, Pune 06/02/1987   BORI-54409 BORI-54409 03/21/2016 03/21/2016 Book